| 000 | 00716na a2200229 4500 | ||
|---|---|---|---|
| 001 | 17379 | ||
| 003 | MIRAKIL | ||
| 005 | 20181213154931.0 | ||
| 008 | 161024b tu 000 0 | ||
| 040 |
_aMilas _btur _cTR-AnCHP |
||
| 082 |
_a629.1 _bK26s 2009 |
||
| 090 | _a629.1 K26s 2009 | ||
| 100 | _aKara, Ziyat | ||
| 245 |
_aSiberuzay'da teknoloji & Ar-Ge yönetimi _cZiyat Kara |
||
| 260 |
_aKonya _b[yayl. y.] _c2009 _fÖlçü Konya Ofset |
||
| 300 |
_avi, 263 s. _btbl.; grf. _c24 sm. |
||
| 500 | _aYapıt yazarından imzalıdır. | ||
| 504 | _aKaynakça var. | ||
| 650 |
_aUzay mühendisliği _xTeknik ve teknoloji _yYönetim |
||
| 650 |
_aUzay mühendisliği _xAraştırma ve geliştirme |
||
| 942 |
_2dcc _cBKS |
||
| 999 |
_c3436 _d3436 |
||